Flags of countries that borders Colombia - Statistics

General Stats
  • This quiz has been taken 15 times
  • The average score is 4 of 5
Answer Stats
Picture Answer % Correct
Panama
100%
Venezuela
100%
Brazil
83%
Ecuador
75%
Peru
75%
No matching quizzes found
Score Distribution
Percent of People with Each Score
Percentile by Number Answered
Your Score History
You have not taken this quiz